000
00223nam a22000857a 4500
008
160914b xxu||||| |||| 00| 0 eng d
100
_9
443
_a
Saxena. V.K.
245
_a
Mathematics- Q.B
260
_a
New Delhi
_b
M.B.D Publishers
_c
2010
999
_c
3102
_d
3102